A color guide to the Petrography of Carbonate Rocks: grains, textures, porosity, diagenesis

Saved in:
Bibliographic Details
Main Authors: Scholle, Peter A (Author), Ulmer-Scholle, Dana S (Author)
Format: Book
Language:English
Published: Tulsa The American Association of Petroleum Geologists 2006
Edition:2a. ed
Series:AAPG Memoir, 77
Subjects:
Tags: Add Tag
No Tags, Be the first to tag this record!

MARC

LEADER 00000cam a2200000 a 4500
001 UCE6129
003 CL-VaPUC
008 150326e20060000us |||||||||||||||||eng|d
020 |a 0891813586 
082 0 4 |a 552.58  |b SCH  |2 21 
100 0 |a Scholle, Peter A  |e author  |9 578786 
700 0 |a Ulmer-Scholle, Dana S  |e author  |9 578787 
245 1 2 |a A color guide to the Petrography of Carbonate Rocks: grains, textures, porosity, diagenesis 
250 |a 2a. ed 
300 |a 474 p 
942 |c BK 
945 |d 20150326 13:02:00  |a dcastane 
260 |a Tulsa  |b The American Association of Petroleum Geologists  |c 2006 
650 7 |a PETROLOGIA  |2 CL-VaPUC  |9 262839 
650 7 |a ROCAS SEDIMENTARIAS  |2 CL-VaPUC  |9 261673 
650 7 |a SEDIMENTOLOGIA  |2 CL-VaPUC  |9 361448 
650 0 |a Geología   |9 260984 
583 |a last modification  |c 20150326 13:02:00  |k Rodrigo Vera 
490 0 |a AAPG Memoir, 77 
999 |c 358564  |d 358562 
952 |0 0  |1 0  |2 ddc  |3 erd  |4 0  |6 552_580000000000000_SCH_2006  |7 0  |8 A  |9 467364  |a BIBING  |b BIBING  |c RES  |i 514244K  |o 552.58 SCH 2006  |p 514244K  |r 2025-01-20  |w 2019-11-23  |y BK  |z Catalogado en:20150326  |k EIQ 
952 |0 0  |1 0  |2 ddc  |3 erd  |4 0  |6 552_580000000000000_SCH_2006  |7 0  |8 A  |9 467365  |a BIBING  |b BIBING  |c RES  |i 5142458  |o 552.58 SCH 2006  |p 5142458  |r 2025-01-20  |w 2019-11-23  |y BK  |z Catalogado en:20150326  |k EIQ 
952 |0 0  |1 0  |2 ddc  |3 erd  |4 0  |6 552_580000000000000_SCH_2006  |7 0  |8 A  |9 467366  |a BIBING  |b BIBING  |c RES  |i 5142466  |o 552.58 SCH 2006  |p 5142466  |r 2025-01-20  |w 2019-11-23  |y BK  |z Catalogado en:20150326  |k EIQ